000 00402nam a2200157Ia 4500
008 230524s9999 xx 000 0 und d
082 _a621.382
_bMOL
100 _aAndreas F.Molisch (Editor)
245 0 _aWideband Wireless Digital Communications
250 _a1ST
260 _aNEW DELHI
_bPearson
_c2003
300 _a549
500 _aQuantity Number: 25
650 _aElectronics
942 _cBK
999 _c26211
_d26211